[Event "Barcelona Sant Marti op-B 23rd"]
[Site "Barcelona"]
[Date "2023.07.19"]
[Round "7"]
[White "Pla Sanchis, Victor"]
[Black "Pascual Gonzalez, Novelles David"]
[Result "1-0"]
[WhiteElo "1700"]
[BlackElo "1515"]
[PlyCount "69"]
[EventDate "2023.07.13"]
[EventType "swiss"]
[EventRounds "9"]
[EventCountry "ESP"]
[SourceTitle "CBM 215 Extra"]
[Source "ChessBase"]
[SourceDate "2023.09.30"]
[SourceVersion "1"]
[SourceVersionDate "2023.09.30"]
[SourceQuality "1"]

1. d4 d5 2. c4 c6 3. Nf3 Nf6 4. Nc3 e6 5. h3 Nbd7 6. Bf4 Be7 7. e3 dxc4 8. Bxc4 Nd5 9. Bh2 N7f6 10. 0-0 0-0 11. Qb3 a6 12. Nxd5 exd5 13. Bd3 Ne4 14. Bxe4 dxe4 15. Nd2 Qd5 16. Qxd5 cxd5 17. Rac1 b5 18. Rc7 Bd8 19. Rc5 Be6 20. f3 f5 21. Nb1 Bg5 22. f4 Be7 23. Rc6 Bf7 24. Rfc1 a5 25. Nc3 Rfc8 26. Nxd5 Rxc6 27. Nxe7+ Kf8 28. Nxc6 Rc8 29. Rc5 g6 30. a3 b4 31. Bg3 bxa3 32. bxa3 a4 33. Be1 Rc7 34. Bb4 Ke8 35. Ne5 1-0

[Event "Barcelona Sant Marti op-B 23rd"]
[Site "Barcelona"]
[Date "2023.07.17"]
[Round "5"]
[White "Bieg Pagel, Clemens"]
[Black "Pla Sanchis, Victor"]
[Result "1/2-1/2"]
[WhiteElo "1754"]
[BlackElo "1700"]
[PlyCount "91"]
[EventDate "2023.07.13"]
[EventType "swiss"]
[EventRounds "9"]
[EventCountry "ESP"]
[SourceTitle "CBM 215 Extra"]
[Source "ChessBase"]
[SourceDate "2023.09.30"]
[SourceVersion "1"]
[SourceVersionDate "2023.09.30"]
[SourceQuality "1"]

1. e4 Nf6 2. e5 Nd5 3. d4 d6 4. Nf3 g6 5. Bc4 Nb6 6. Bb3 Bg7 7. Qe2 0-0 8. h3 a5 9. a4 Nc6 10. 0-0 Be6 11. Nc3 Bxb3 12. cxb3 dxe5 13. dxe5 Nd4 14. Nxd4 Qxd4 15. Re1 c6 16. Bg5 f6 17. Rad1 Qb4 18. Be3 fxe5 19. Qc2 Nd5 20. Nxd5 cxd5 21. Qc5 d4 22. Qxb4 axb4 23. Bd2 b5 24. Bxb4 bxa4 25. bxa4 Bf6 26. a5 Rfc8 27. Ba3 Rxa5 28. g3 Kf7 29. Rd3 e6 30. Kg2 Be7 31. Kf3 Bxa3 32. bxa3 Ke7 33. Re2 Kd6 34. Ke4 Ra4 35. Rb2 Rf8 36. f3 h5 37. h4 g5 38. hxg5 h4 39. f4 hxg3 40. fxe5+ Kd7 41. Rxd4+ Rxd4+ 42. Kxd4 Rf5 43. Rg2 Rxg5 44. Ke4 Kc6 45. Kf4 Rf5+ 46. Ke4 1/2-1/2